000 00808nam a2200241Ia 4500
003 OSt
005 20220923224024.0
006 a|||||r|||| 00| 0
007 ta
008 220922b |||||||| |||| 00| 0 hin d
024 _a224,136
037 _cTextual
040 _aARTS
_cARTS
_bhin
041 _2hin
_ahin
082 _aO152,6M79x, P5
100 _aआर.एम.लाला; नरेश, 'नदीम', अनु.
_9167744
245 0 _aमहानता की छाप
246 _ahinānatā kī chhāpa
260 _aनयी दिल्ली
_b राजकमल प्रकाशन
_c2005
300 _a242पृ.
_ccm.
942 _hO152,6M79x, P5
_cTEXL
_2CC
999 _c368715
_d368715